000
00289nam a22001097a 4500
027
_q
978-0-12-815481-6
040
_a
DLC
_c
DLC
_d
DLC
_e
DLC
082
_a
620.138
_b
SAN
245
_a
3D Concrete Printing Technology / Jay G. Sanjayan
260
_b
Butterworth-Heinemann
_c
2019
942
_2
ddc
_c
BK
999
_c
594870
_d
594870